书目信息 |
| 题名: |
印象鸠山
|
|
| 作者: | 李俊涛 主编 | |
| 分册: | ||
| 出版信息: | 郑州 河南人民出版社 2017 |
|
| 页数: | 192页 | |
| 开本: | 24cm | |
| 丛书名: | ||
| 单 册: | ||
| 中图分类: | I267 , J421 | |
| 科图分类: | ||
| 主题词: | 散文集--中国--当代 , 摄影集--中国--现代 | |
| 电子资源: | ||
| ISBN: | 978-7-215-10810-3 | |
| 000 | 00984nam0 2200253 450 | |
| 001 | 012001002356 | |
| 005 | 20140926114740.0 | |
| 010 | @a978-7-215-10810-3@dCNY69.00 | |
| 100 | @a20170802d2017 em y0chiy50 ea | |
| 101 | 0 | @achi |
| 102 | @aCN@b410000 | |
| 105 | @aa z 000cy | |
| 106 | @ar | |
| 200 | 1 | @a印象鸠山@9yin xiang jiu shan@f李俊涛主编 |
| 210 | @a郑州@c河南人民出版社@d2017 | |
| 215 | @a192页@d24cm | |
| 330 | @a按照习近平总书记精准扶贫和对文艺工作者“深入生活,扎根人民”的工作要求,许昌市文联发挥文联的行业优势,以文化扶贫为宗旨,组织许昌市作家协会、摄影家协会骨干作者创作了文化图书《印象·鸠山》。该书以散文的形式,对鸠山镇的风光、历史、人物、民俗、物产等方面进行了全面梳理,同时配以摄影家精心拍摄的摄影作品,图文并貌,可读性强。 | |
| 606 | 0 | @a散文集@y中国@z当代 |
| 606 | 0 | @a摄影集@y中国@z现代 |
| 690 | @aI267@v5 | |
| 690 | @aJ421@v5 | |
| 701 | 0 | @a李俊涛@9li jun tao@c(文学)@4主编 |
| 801 | 0 | @aCN@b上海新华@c20180901 |
| 905 | @b1160621-5@dI267@e3198@f5 | |
| 印象鸠山/李俊涛主编.-郑州:河南人民出版社,2017 |
| 192页;24cm |
| ISBN 978-7-215-10810-3:CNY69.00 |
| 按照习近平总书记精准扶贫和对文艺工作者“深入生活,扎根人民”的工作要求,许昌市文联发挥文联的行业优势,以文化扶贫为宗旨,组织许昌市作家协会、摄影家协会骨干作者创作了文化图书《印象·鸠山》。该书以散文的形式,对鸠山镇的风光、历史、人物、民俗、物产等方面进行了全面梳理,同时配以摄影家精心拍摄的摄影作品,图文并貌,可读性强。 |
| ● |
| 相关链接 |
|
|
|
|
正题名:印象鸠山
索取号:I267/3198
 
预约/预借
| 序号 | 登录号 | 条形码 | 馆藏地/架位号 | 状态 | 备注 |
| 1 | 1160621 | 211606216 | 第一样本阅览室/ [索取号:I267/3198] | 在馆 | |
| 2 | 1160622 | 211606225 | 第二借阅区/ [索取号:I267/3198] | 在馆 | |
| 3 | 1160623 | 211606234 | 第二借阅区/ [索取号:I267/3198] | 在馆 | |
| 4 | 1160624 | 211606243 | 第二借阅区/ [索取号:I267/3198] | 在馆 | |
| 5 | 1160625 | 211606252 | 密集书库-文学院/ [索取号:I267/3198] | 在馆 |